SCH a dit - Statistiques

Statistiques générales
  • Ce quiz a été pris 3 833 fois
  • Le résultat moyen est 6 sur 13
Answers on the Grid
Answers color-coded by a green-red scale on the quiz's grid according to % correct below.
Moi, j'viens du vrai merdier, t'as encore toutes tes dents ? Espèce de p'tit pédé
J’veux d'l'or en chaine, d'l'or en barre, d'l'or en bagues
J'attends qu'passe le dernier bus, j'te quille et j'prends pas du malus
Vends shit et cess sous couverture d'intérim, j'mène une guerre de profit, une d'intérêt
Tu verras mon ombre, et ça toutes les nuits, l'ange de la mort, sera ton seul ami
J'ai ton adresse sauvegardée dans mon Waze , tu la ramènes moins sur nous, ouais
Cause à mon fer, j'ai mon caractère, organisés, j'vois mes potos qui luttent
Bébé s'endort, j'nettoie mon jou'-jou', j'place une sse-lia, dans son doudou
Même si j'tombe de sommeil, même si j'tombe du sommet, j'vais rester ton soleil
Pour embellir une vie, on peut fleurir une tombe
Grimpe dans la tchop, j'fais zéro à cent en deux secondes trois
Si t'as des frères comme Ciiro, Sur l'rain-té j'suis d'astreinte
Julien vit ses vices et sévit sans se faire prendre
J'vous souhaite la chiasse jusqu'à en maigrir
Je laisse la tâche à Dieu, de dire qui est bon qui est mauvais
On fait du bruit, le flic me prend d'haut, c'est d'la maladresse
Enlève ton haut, que j'vois plus près, attends, n'enlève pas tout
Les critiques font pas mes joies ni mes peines, non, je vis ma vie et celle de mon père mort
J'suis plutôt bien assis, on t'dit une fois pas deux : on t'fait Napoli, ouais
Des problèmes j'vois tout d'chez moi, comme Pietro dans Gomorra
 
Statistiques - réponses
Réponse % Correct
Cervelle Moi, j'viens du vrai merdier, t'as encore toutes tes dents ? Espèce de p'tit pédé
77%
A7
J’veux d'l'or en chaine, d'l'or en barre, d'l'or en bagues
74%
Ivresse & Hennessy J'attends qu'passe le dernier bus, j'te quille et j'prends pas du malus
59%
Pas la paix Vends shit et cess sous couverture d'intérim, j'mène une guerre de profit, une d'intérêt
59%
Hier (feat. PLK) J'ai ton adresse sauvegardée dans mon Waze , tu la ramènes moins sur nous, ouais
57%
Morpheus Cause à mon fer, j'ai mon caractère, organisés, j'vois mes potos qui luttent
51%
Bande organisée Grimpe dans la tchop, j'fais zéro à cent en deux secondes trois
51%
J'attends Pour embellir une vie, on peut fleurir une tombe
43%
Rose noire Même si j'tombe de sommeil, même si j'tombe du sommet, j'vais rester ton soleil
30%
Crois moi On fait du bruit, le flic me prend d'haut, c'est d'la maladresse
29%
Boosk'Anarchie J'vous souhaite la chiasse jusqu'à en maigrir
23%
Le doc Enlève ton haut, que j'vois plus près, attends, n'enlève pas tout
18%
innocents J'suis plutôt bien assis, on t'dit une fois pas deux : on t'fait Napoli, ouais
11%
Aucun quiz correspondant
Distribution des résultats
% des personnes avec chaque résultat
Percentile par nombre de réponses
Votre historique - résultats
Vous n’avez pas pris ce quiz